Top 10 Heaviest Spacecraft - Statistics

General Stats
  • This quiz has been taken 38 times
  • The average score is 7 of 10
Answer Stats
Hint (weight, spacecraft type, years active, country) Answer % Correct
419,725 kg (925,335 lb)Space Station 1998-present (several) International Space Station
92%
129,700 kg (285,940 lb)Space Station 1986-2001 Soviet Union/Russia Mir
88%
122,683 kg (270,470 lb)Crewed Orbiter 1981-2011 United States Space Shuttle orbiter
88%
77,111 kg (170,001 lb)Space Station 1973-1979 United States Skylab
83%
28,800 kg (63,493 lb)Crewed Orbiter 1968-1975 United States Apollo CSM
79%
96,000 kg (211,644 lb)Space Station 2021-present China Tiangong
67%
105,000 kg (231,485 lb)Crewed Orbiter 1988 Soviet Union Buran
63%
25,861 kg (57,014 lb)Crewed Orbiter 2022-present United States Orion
58%
19,824 kg (43,704 lb)Space Station 1982-1991 Soviet Union Salyut 7
46%
20,293 kg (44,738 lb)Cargo Orbiter 2008-2014 (several European nations) ATV
38%
No matching quizzes found
Score Distribution
Percent of People with Each Score
Percentile by Number Answered
Your Score History
You have not taken this quiz